Central Library || Chittagong University

The speeches of the right honourable Richard Brinsley Sheridan : (Record no. 109562)

MARC details
000 -LEADER
fixed length control field 00530nam a22001697a 4500
003 - CONTROL NUMBER IDENTIFIER
control field BD-ChCU
005 - DATE AND TIME OF LATEST TRANSACTION
control field 20251118124531.0
008 - FIXED-LENGTH DATA ELEMENTS--GENERAL INFORMATION
fixed length control field 251118b bg ||||| |||| 00| 0 ben d
040 ## - CATALOGING SOURCE
Transcribing agency BD-ChCU
082 ## - DEWEY DECIMAL CLASSIFICATION NUMBER
Classification number 328.3310973 SPE
245 ## - TITLE STATEMENT
Title The speeches of the right honourable Richard Brinsley Sheridan :
Remainder of title with a sketch of his life./
260 ## - PUBLICATION, DISTRIBUTION, ETC.
Place of publication, distribution, etc. New York :
Name of publisher, distributor, etc. Russell & Russell. ,
Date of publication, distribution, etc. C 1969
300 ## - PHYSICAL DESCRIPTION
Extent v .1-3.
650 #0 - SUBJECT ADDED ENTRY--TOPICAL TERM
Topical term or geographic name entry element Debates and Debating.
9 (RLIN) 16382
700 ## - ADDED ENTRY--PERSONAL NAME
Personal name Constitutional friend .ed.
9 (RLIN) 16378
942 ## - ADDED ENTRY ELEMENTS (KOHA)
Source of classification or shelving scheme Dewey Decimal Classification
Koha item type Books
Suppress in OPAC No
Holdings
Withdrawn status Lost status Source of classification or shelving scheme Damaged status Not for loan Home library Current library Shelving location Date acquired Source of acquisition Total Checkouts Full call number Barcode Date last seen Copy number Price effective from Koha item type Public note
    Dewey Decimal Classification     Chittagong University Library Chittagong University Library Business and Social Science Reading Room 11/18/2025 Purchase   328.3310973 SPE/V.1 141169 11/18/2025 C-1 11/18/2025 Books Vol .1.
    Dewey Decimal Classification     Chittagong University Library Chittagong University Library Business and Social Science Reading Room 11/18/2025 Purchase   328.3310973 SPE/V.1 141170 11/24/2025 C-2 11/18/2025 Books Vol .1.
    Dewey Decimal Classification     Chittagong University Library Chittagong University Library Business and Social Science Reading Room 11/18/2025 Purchase   328.3310973 SPE/V.1 141171 11/24/2025 C-3 11/18/2025 Books Vol .1.
    Dewey Decimal Classification     Chittagong University Library Chittagong University Library Business and Social Science Reading Room 11/18/2025 Purchase   328.3310973 SPE/V.2 141172 11/24/2025 C-1 11/18/2025 Books Vol .1.
    Dewey Decimal Classification     Chittagong University Library Chittagong University Library Business and Social Science Reading Room 11/18/2025 Purchase   328.3310973 SPE/V.2 141173 11/24/2025 C-2 11/18/2025 Books Vol .1.
    Dewey Decimal Classification     Chittagong University Library Chittagong University Library Business and Social Science Reading Room 11/18/2025 Purchase   328.3310973 SPE/V.3 141174 11/24/2025 C-1 11/18/2025 Books Vol .1.
    Dewey Decimal Classification     Chittagong University Library Chittagong University Library Business and Social Science Reading Room 11/18/2025 Purchase   328.3310973 SPE/V.3 141175 11/24/2025 C-2 11/18/2025 Books Vol .1.
    Dewey Decimal Classification     Chittagong University Library Chittagong University Library Business and Social Science Reading Room 11/18/2025 Purchase   328.3310973 SPE/V.3 141176 11/24/2025 C-3 11/18/2025 Books Vol .1.
© Copyright 2026. Chittagong University Library, Installation and Maintenance by Prof. Dr. Md. Alamgir, 01711306253